| 000 | 01411nam a22002537a 4500 | ||
|---|---|---|---|
| 999 |
_c1694 _d1694 |
||
| 003 | CoMeUDC | ||
| 005 | 20230511194344.0 | ||
| 008 | 230511b ||||| |||| 00| 0 eng d | ||
| 020 | _a9789588336794 | ||
| 040 |
_cCO-UdeC _dCO-UdeC _eAARC _eISBD |
||
| 082 |
_a342 _bC718 |
||
| 110 |
_91628 _aColombia |
||
| 245 |
_aConstitución política de Colombia : _bConcordada / _cColombia ; compilador, Mauricio Duque Quiceno. |
||
| 260 |
_aMedellín : _bLibrería Jurídica Sánchez R., _c2011. |
||
| 300 |
_a182 p. ; _c23 cm. |
||
| 500 | _aContiene concordancias con sentencias de la Corte Constitucional y Consejo de Estado. | ||
| 505 | _aDe los principios fundamentales -- De los derechos, las garantías y los deberes -- De los habitantes y del territorio -- De la participación democrática y de los partidos políticos -- De la organización del Estado -- De la rama legislativa -- De la rama ejecutiva -- De la rama judicial -- De las elecciones y de la organización electoral -- De los organismos de control -- De la organización territorial -- Del régimen económico y de la hacienda pública -- De la reforma de la constitución | ||
| 546 | _aEspañol. | ||
| 650 | 0 |
_92338 _aOrdenamiento territorial _zColombia |
|
| 650 | 0 |
_9182 _aAdministración pública _zColombia. |
|
| 650 | 0 |
_92344 _aConstitución política de Colombia |
|
| 700 |
_91782 _aDuque Quiceno, Mauricio _eCompilador |
||
| 942 |
_2ddc _cBK |
||